Osiedla Wrocławia - Statystyki

Ogólne statystyki
  • Ten quiz został rozwiązany 13 razy
  • Średni wynik to 10 z 48
Statystyki odpowiedzi
Miasto Osiedla % Poprawnych
Wrocław Gaj
55%
Wrocław Nadodrze
55%
Wrocław Szczepin
55%
Wrocław Jagodno
45%
Wrocław Leśnica
45%
Wrocław Maślice
45%
Wrocław Oporów
45%
Wrocław Stare Miasto
45%
Wrocław Tarnogaj
45%
Wrocław Brochów
36%
Wrocław Huby
36%
Wrocław Nowy Dwór
36%
Wrocław Ołbin
36%
Wrocław Żerniki
36%
Wrocław Karłowice-Różanka
27%
Wrocław Klecina
27%
Wrocław Kowale
27%
Wrocław Księże
27%
Wrocław Ołtaszyn
27%
Wrocław Pawłowice
27%
Wrocław Pracze Odrzańskie
27%
Wrocław Świniary
27%
Wrocław Borek
18%
Wrocław Gajowice
18%
Wrocław Kuźniki
18%
Wrocław Lipa Piotrowska
18%
Wrocław Sołtysowice
18%
Wrocław Widawa
18%
Wrocław Wojszyce
18%
Wrocław Kleczków
9%
Wrocław Muchobór Mały
9%
Wrocław Muchobór Wielki
9%
Wrocław Plac Grunwaldzki
9%
Wrocław Przedmieście Oławskie
9%
Wrocław Przedmieście Świdnickie
9%
Wrocław Bieńkowice
0%
Wrocław Biskupin-Sępolno-Dąbie-Bartoszowice
0%
Wrocław Gądów-Popowice Południowe
0%
Wrocław Grabiszyn-Grabiszynek
0%
Wrocław Jerzmanowo-Jarnołtów-Strachowice-Osiniec
0%
Wrocław Krzyki-Partynice
0%
Wrocław Osobowice-Rędzin
0%
Wrocław Pilczyce-Kozanów-Popowice Północne
0%
Wrocław Polanowice-Poświętne-Ligota
0%
Wrocław Powstańców Śląskich
0%
Wrocław Psie Pole-Zawidawie
0%
Wrocław Swojczyce-Strachocin-Wojnów
0%
Wrocław Zacisze-Zalesie-Szczytniki
0%
Nie znaleziono quizów pasujących do podanych kryteriów
Rozkład punktacji
Procent ludzi z każdym wynikiem
Percentyl według liczby udzielonych odpowiedzi
Twoja historia wyników
Nie rozwiązałeś tego quizu